000 00286nam a2200109Ia 4500
008 210430s9999 xx 000 0 und d
020 _a0-87849-268-2
082 _a620.11 A2861A
245 _aAdvanced materials XI
260 _aUSA
_bTrans tech publication ltd
_c2009
942 _cBK
_2ddc
999 _c565539
_d565539